| 000 | 00434ntaaa2200169 4500 | ||
|---|---|---|---|
| 003 | 01 | ||
| 005 | 20251027201934.0 | ||
| 008 | 0714s1973 ag 01 | ||
| 040 |
_aAR-BaBN _bspa _cAR-BaBN _eaacr _dRIC |
||
| 082 | _a245.0000 C88 | ||
| 100 |
_aCrowston, C. C. _917969 |
||
| 245 | _aSongs in the night and echoes of grace | ||
| 250 |
_a1 ed. : _bLoizeaux Brothers, _cn.f. |
||
| 300 | _a125 p. | ||
| 650 | _aPoesÃas Religiosa | ||
| 942 | _cBK | ||
| 999 |
_c14117 _d14117 |
||